| 000 | 00332nam a2200133Ia 4500 | ||
|---|---|---|---|
| 005 | 20260328101503.0 | ||
| 008 | 260328s9999||||xx |||||||||||||| ||und|| | ||
| 100 | _aFolkers, Antoni | ||
| 245 | 0 |
_aModern Architecture in Africa / _cAntoni Folkers |
|
| 260 | _bSun | ||
| 300 | _a367 p. | ||
| 650 | _aARQUITECTURA REGIONAL | ||
| 942 | _cBK | ||
| 999 |
_c8971 _d8971 |
||